Pandhra Lectures (Record no. 1468)
[ view plain ]
| 000 -LEADER | |
|---|---|
| fixed length control field | 00388nam a2200157 a 4500 |
| 082 00 - DEWEY DECIMAL CLASSIFICATION NUMBER | |
| Classification number | 239 |
| Author Cutter | IMA1 |
| 100 ## - MAIN ENTRY--AUTHOR NAME | |
| Author name | Imaduddin, P |
| 245 ## - TITLE STATEMENT | |
| Title | Pandhra Lectures |
| 260 ## - PUBLICATION, DISTRIBUTION, ETC. (IMPRINT) | |
| Place of publication | Lahore |
| Name of publisher | Punjab Religious Booksociety |
| Year of publication | 1930 |
| 300 ## - PHYSICAL DESCRIPTION | |
| Number of Pages | 132p |
| 500 ## - GENERAL NOTE | |
| General note | includes index and biblioraphy |
| 505 2# - FORMATTED CONTENTS NOTE | |
| Formatted contents note | Diference Paper and Notes |
| 650 ## - SUBJECT ADDED ENTRY--TOPICAL TERM | |
| Topical Term | Apologetics |
| 942 ## - ADDED ENTRY ELEMENTS (KOHA) | |
| Koha item type | General Stack Book |
| 700 1# - | |
| -- | Imaduddin, P |
| Home library | Current library | Date acquired | Cost, normal purchase price | Full call number | Accession Number | Koha item type |
|---|---|---|---|---|---|---|
| Henry Martyn Institute Library | Henry Martyn Institute Library | 04/17/2008 | 100.00 | 239 IMA1 | 2137 | Archive Book |
